Serie nach Hauptcharakter - Statistiken

Allgemein
  • Dieses Quiz wurde 66 mal gespielt
  • Das Durchschnittsergebnis liegt bei 4 aus 24
Antwortstatistiken
Hauptcharakter Serie % Korrekt
Ted Mosby How I met your mother
92%
Michael Scofield Prison Break
52%
Seong Gi-Hun Squid Game
43%
Jake Peralta Brooklyn 99
35%
Mike Ross Suits
32%
Wanda Maximoff Wandavision
32%
Francis Underwood House of Cards
25%
Rhaenyra Targaryen House of the Dragon
25%
Aria Montgomery Pretty Little Liars
22%
Dan Hunmphrey Gossip Girl
17%
Joe Goldberg You
14%
Jeffrey Winger Community
11%
Hughie Campbell The Boys
11%
Rue Bennett Euphoria
8%
Joel Miller The Last of Us
8%
Mabel Mora Only murders in the building
6%
Beth Harmon Das Damengambit
5%
Miguel Diaz Cobra Kai
3%
Richard Hendrix Silicon Valley
2%
Carmen Berzatto The Bear
2%
Alec Hardy Broadchurch
0%
Cal Lightman Lie to me
0%
Holden Ford Mindhunter
0%
Alex Parrish Quantico
0%
Keine übereinstimmenden Quizze gefunden
Verteilung der Resultate
Anzahl Personen mit jedem Resultat
Perzentil nach korrekt beantworteten Fragen
Ihre Resultats-Entwicklung
Sie haben dieses Quiz noch nicht gespielt